Eastern Utah Libraries Catalog: Duchesne, Heber, Roosevelt, & Vernal

Harriet spies again / (Record no. 397599)

MARC details
000 -LEADER
fixed length control field 01251nam a2200361 i 4500
001 - CONTROL NUMBER
control field 52996894
005 - DATE AND TIME OF LATEST TRANSACTION
control field 20240612173014.0
007 - PHYSICAL DESCRIPTION FIXED FIELD--GENERAL INFORMATION
fixed length control field t|
008 - FIXED-LENGTH DATA ELEMENTS--GENERAL INFORMATION
fixed length control field 061205s2003 nyu c 000 1 eng d
020 ## - INTERNATIONAL STANDARD BOOK NUMBER
International Standard Book Number 9780440416883
Qualifying information paperback
020 ## - INTERNATIONAL STANDARD BOOK NUMBER
International Standard Book Number 0440416884
Qualifying information paperback
035 ## - SYSTEM CONTROL NUMBER
System control number (OCoLC)52996894
040 ## - CATALOGING SOURCE
Original cataloging agency TnLvILS
Transcribing agency TnLvILS
Modifying agency TnLvILS
Language of cataloging eng
Description conventions rda
092 ## - LOCALLY ASSIGNED DEWEY CALL NUMBER (OCLC)
Classification number junior fiction
Item number Fitzhugh
100 1# - MAIN ENTRY--PERSONAL NAME
Personal name Ericson, Helen,
Relator term author.
Relator code aut.
9 (RLIN) 52840
245 10 - TITLE STATEMENT
Title Harriet spies again /
Statement of responsibility, etc Helen Ericson.
Medium [jjf]
264 #1 - Production, Publication, Distribution, Manufacture, and Copyright Notice.
Place of production, publication, distribution, manufacture New York :
Name of producer, publisher, distributor, manufacturer Yearling,
Date of production, publication, distribution, manufacture, or copyr [2003]
264 #4 - Production, Publication, Distribution, Manufacture, and Copyright Notice.
Date of production, publication, distribution, manufacture, or copyr ©2002.
300 ## - PHYSICAL DESCRIPTION
Extent 239 pages ;
Dimensions 20 cm.
336 ## - Content Type
Content type term text
337 ## - Media type
Media type term unmediated
338 ## - Carrier type
Carrier type term volume
520 ## - SUMMARY, ETC.
Summary, etc Ole Golly is coming back into Harriet M. Welsch's life, but the circumstances remain unclear. For example, where is Ole Golly's husband?
521 ## - TARGET AUDIENCE NOTE
Target audience note 009-012.
521 8# - TARGET AUDIENCE NOTE
Target audience note 700
Source Lexile.
526 0# - STUDY PROGRAM INFORMATION NOTE
Program name Accelerated Reader
Interest level MG
Reading level 4.9
Title point value 6.0
Public note 58681.
586 8# - AWARDS NOTE
Awards note Edgar Allan Poe Award for Best Juvenile, 2003.
650 #0 - SUBJECT ADDED ENTRY--TOPICAL TERM
Topical term or geographic name as entry element Nannies
Form subdivision Fiction.
9 (RLIN) 5694280
650 #0 - SUBJECT ADDED ENTRY--TOPICAL TERM
Topical term or geographic name as entry element Friendship
Form subdivision Fiction.
9 (RLIN) 5673769
650 #1 - SUBJECT ADDED ENTRY--TOPICAL TERM
Topical term or geographic name as entry element Nannies
Form subdivision Fiction.
9 (RLIN) 5694280
650 #1 - SUBJECT ADDED ENTRY--TOPICAL TERM
Topical term or geographic name as entry element Friendship
Form subdivision Fiction.
9 (RLIN) 5673769
942 ## - ADDED ENTRY ELEMENTS (KOHA)
Source of classification or shelving scheme Dewey Decimal Classification
Koha item type BOOK
Holdings
Withdrawn status Lost status Source of classification or shelving scheme Damaged status Not for loan Collection code Home library Current library Shelving location Date acquired Source of acquisition Serial Enumeration / chronology Total Checkouts Total Renewals Full call number Barcode Checked out Date last seen Date checked out Cost, replacement price Price effective from Koha item type
    Dewey Decimal Classification     Junior Fiction Wasatch County Library Wasatch County Library Main Floor Junior Area 06/12/2024 Amazon #4 Harriet the Spy 2 2 J Fitzhugh 34301002079988 03/25/2026 01/27/2026 01/27/2026 7.99 06/12/2024 BOOK
This project was made possible through a grant from the Institute of Museum and Library Service administered by the Utah State Library Division.

Wasatch County Library

  • 465 East 1200 South, Heber City, Utah 84032
  • Phone 435-654-1511 | Fax 435-654-6456

Hours

  • Monday - Friday 9:30 AM - 8:00 PM
  • Saturday 9:30 AM - 1:30 PM
  • Closed Sundays and Holidays